000 00309nam a22001337a 4500
008 190305b xxu||||| |||| 00| 0 eng d
020 _a9780803600881
041 _aeng
080 _a540
100 _a12
101 _aKIM
245 _aLaboratory and Diagnostic Test Handbook
_cJaffe,M.S
942 _2udc
_cBK
999 _c54561
_d54561